Государственный финансовый контроль: практикум
Практикум содержит цели изучения, краткий теоретический обзор по рассматриваемым темам, вопросы для обсуждения, темы индивидуального творческого задания для обучающихся, практические задания. Практикум предназначен для обучающихся по направлению подготовки 38.03.04 «Государственное и муниципальное у...
Gardado en:
| Autor Principal: | |
|---|---|
| Formato: | Книга |
| Idioma: | Russian |
| Publicado: |
Оренбург
ОГУ
2024
|
| Acceso en liña: | https://e.lanbook.com/book/502721 https://e.lanbook.com/img/cover/book/502721.jpg |
| Метки: |
Engadir etiqueta
Sen Etiquetas, Sexa o primeiro en etiquetar este rexistro!
|
| LEADER | 01899nam0a2200277 i 4500 | ||
|---|---|---|---|
| 001 | 502721 | ||
| 003 | RuSpLAN | ||
| 005 | 20250804190923.0 | ||
| 008 | 250804s2024 ru gs 000 0 rus | ||
| 020 | |a 978-5-7410-3339-5 | ||
| 040 | |a RuSpLAN | ||
| 041 | 0 | |a rus | |
| 044 | |a ru | ||
| 080 | |a 336.148(075.8) | ||
| 084 | |a 65.261.8я73 |2 rubbk | ||
| 245 | 0 | 0 | |a Государственный финансовый контроль: практикум |c Аралбаева Г. Г. |
| 260 | |a Оренбург |b ОГУ |c 2024 | ||
| 300 | |a 104 с. | ||
| 504 | |a Библиогр.: доступна в карточке книги, на сайте ЭБС Лань | ||
| 520 | 8 | |a Практикум содержит цели изучения, краткий теоретический обзор по рассматриваемым темам, вопросы для обсуждения, темы индивидуального творческого задания для обучающихся, практические задания. Практикум предназначен для обучающихся по направлению подготовки 38.03.04 «Государственное и муниципальное управление» для закрепления знаний по дисциплине «Государственный финансовый контроль», для формирования компетенций, сформулированных в федеральном государственном стандарте образования. | |
| 521 | 8 | |a Книга из коллекции ОГУ - Экономика и менеджмент | |
| 521 | 8 | |a СЭБ | |
| 100 | 1 | |a Аралбаева Г. Г. | |
| 856 | 4 | |u https://e.lanbook.com/book/502721 | |
| 856 | 4 | 8 | |u https://e.lanbook.com/img/cover/book/502721.jpg |
| 953 | |a https://e.lanbook.com/img/cover/book/502721.jpg | ||